Cities of Europe Quiz 2 - Statistics

General Stats
  • This quiz has been taken 21 times
  • The average score is 11 of 23
Answer Stats
Hint Answer % Correct
What is the capital of Sicily? Palermo
95%
What city is famous for the acropolis? Athens
90%
What city is to the south of Spain yet owned by the UK Gibraltar
90%
What is the capital of Montenegro? Podgorica
90%
2nd largest city in Norway? Bergen
86%
What is the northernmost capital city of the baltic countries Tallinn
81%
What city is the site of the Sagrada Familia Barcelona
71%
Where was Franz Ferdinand assassinated? Sarajevo
71%
What capital city might share something in common with equatorial guineas capital? Copenhagen
57%
What is the westernmost city of Russia? Kaliningrad
57%
2nd largest city in Slovakia? Kosice
52%
What city is the band 'Rammstein' from Berlin
43%
What is the southernmost capital city in Europe? Nicosia
43%
What city is the title of an Ultravox song Vienna
43%
What city hosted the 2025 Eurovision song contest? Basel
29%
What is the capital of Devon? Exeter
29%
2nd largest city in Belarus? Gomel
29%
What city has the most canal (by length) in the world? Birmingham
14%
City with famous bridge designed by Gustave Eiffel Porto
14%
What city in the Netherlands inspired the name of a neighbourhood in Manhattan Haarlem
10%
What cities cathedral took over the pyramids as having the tallest building in the world? Lincoln
10%
What city was originally founded by Ivan the terrible when building a fortress in 1574? Ufa
5%
What is the capital of Zeeland? Middelburg
0%
No matching quizzes found
Score Distribution
Percent of People with Each Score
Percentile by Number Answered
Your Score History
You have not taken this quiz